| 000 | 01060nam0a22002891 4500 | ||
|---|---|---|---|
| 001 | rc\4659209 | ||
| 005 | 20130416203133.5 | ||
| 021 |
_aRU _b[60-8498] |
||
| 035 | _a(NLR Aleph) 008695915 | ||
| 090 |
_a9268442 _c9268442 |
||
| 100 | _a20130416d1959 |||y0rusy50 ca | ||
| 101 | 0 | _arus | |
| 102 | _aRU | ||
| 105 | _aa z ||||| | ||
| 200 | 1 |
_aМой опыт модернизации и рационального использования фрезерного станка модели 679 _fОдес. обл. правл. НТО Машпром |
|
| 210 |
_aОдесса _cБ. и. _d1959 |
||
| 215 |
_a23 с. _cил. _d20 |
||
| 225 | 1 | _aТрибуна новатора | |
| 300 | _aПеред загл. авт.: Р.И. Патлис, фрезеровщик-новатор | ||
| 606 |
_aФрезерные станки _xМодернизация _2psbo |
||
| 606 |
_aФрезерные работы _2psbo |
||
| 700 | 1 |
_aПатлис _bР. И. |
|
| 801 | 0 |
_aRU _bNLR _gpsbo |
|
| 801 | 1 |
_aRU _bELAR _2rusmarc |
|
| 852 |
_aNLR _j60-4/1440 |
||
| 942 | _cBOOK | ||
| 980 | _aNB | ||